Molecular Chaperones [electronic resource] / edited by Sophie Jackson.
Record details
- ISBN: 9783642345524
- Physical Description: VII, 272 p. 55 illus., 45 illus. in color. online resource.
- Publisher: Berlin, Heidelberg : Springer Berlin Heidelberg : 2013.
Search for related items by subject
| Subject: | Chemistry. Biotechnology. Bioorganic chemistry. Biochemistry. Chemistry. Bioorganic Chemistry. Protein Science. Biophysics and Biological Physics. Biotechnology. |
Search for related items by series
Electronic resources
| LDR | 01620nam a22004455i 4500 | ||
|---|---|---|---|
| 001 | 33791 | ||
| 003 | CONS | ||
| 005 | 20130727064532.0 | ||
| 007 | cr nn 008mamaa | ||
| 008 | 121215s2013 gw | s |||| 0|eng d | ||
| 020 | . | ‡a9783642345524 ‡9978-3-642-34552-4 | |
| 024 | 7 | . | ‡a10.1007/978-3-642-34552-4 ‡2doi |
| 035 | . | ‡a(DE-He213)978-3-642-34552-4 | |
| 050 | 4. | ‡aQD241-441 | |
| 072 | 7. | ‡aPSB ‡2bicssc | |
| 072 | 7. | ‡aSCI013040 ‡2bisacsh | |
| 072 | 7. | ‡aSCI007000 ‡2bisacsh | |
| 100 | 1 | . | ‡aJackson, Sophie. ‡eeditor. |
| 245 | 1 | 0. | ‡aMolecular Chaperones ‡h[electronic resource] / ‡cedited by Sophie Jackson. |
| 264 | 1. | ‡aBerlin, Heidelberg : ‡bSpringer Berlin Heidelberg : ‡bImprint: Springer, ‡c2013. | |
| 300 | . | ‡aVII, 272 p. 55 illus., 45 illus. in color. ‡bonline resource. | |
| 336 | . | ‡atext ‡btxt ‡2rdacontent | |
| 337 | . | ‡acomputer ‡bc ‡2rdamedia | |
| 338 | . | ‡aonline resource ‡bcr ‡2rdacarrier | |
| 347 | . | ‡atext file ‡bPDF ‡2rda | |
| 490 | 1 | . | ‡aTopics in Current Chemistry, ‡x0340-1022 ; ‡v328 |
| 650 | 0. | ‡aChemistry. | |
| 650 | 0. | ‡aBiotechnology. | |
| 650 | 0. | ‡aBioorganic chemistry. | |
| 650 | 0. | ‡aBiochemistry. | |
| 650 | 1 | 4. | ‡aChemistry. |
| 650 | 2 | 4. | ‡aBioorganic Chemistry. |
| 650 | 2 | 4. | ‡aProtein Science. |
| 650 | 2 | 4. | ‡aBiophysics and Biological Physics. |
| 650 | 2 | 4. | ‡aBiotechnology. |
| 710 | 2 | . | ‡aSpringerLink (Online service) |
| 773 | 0 | . | ‡tSpringer eBooks |
| 776 | 0 | 8. | ‡iPrinted edition: ‡z9783642345517 |
| 830 | 0. | ‡aTopics in Current Chemistry, ‡x0340-1022 ; ‡v328 | |
| 856 | 4 | 0. | ‡uhttp://biblioteca.ipicyt.edu.mx:2048/login?url=http://dx.doi.org/10.1007/978-3-642-34552-4 ‡yTexto completo ‡9CONS |
| 950 | . | ‡aChemistry and Materials Science (Springer-11644) | |
| 901 | . | ‡a33791 ‡b ‡c33791 ‡tbiblio ‡sSystem Local | |